| 000 | 00460nam a2200169 i 4500 | ||
|---|---|---|---|
| 001 | 77460 | ||
| 003 | ES-MaACL | ||
| 005 | 20240229063311.0 | ||
| 007 | t| | ||
| 008 | 041018s1930 sp ||||1| spa d | ||
| 100 | 1 |
_aMalato, Charles, _d1857-1938 _9129374 |
|
| 245 | 1 | 0 |
_aFilosofĂa de un ideal / _cCarlos Malato. |
| 260 |
_a[Barcelona : _bs.n., _c1930?] |
||
| 300 |
_a144 p. ; _c19 cm. |
||
| 852 |
_aES-MaACL _jB-6119 |
||
| 999 |
_c77460 _d77460 |
||